000 00457nam a2200169 4500
003 SEACOMMC
005 20250512105752.0
008 250401b |||||||| |||| 00| 0 eng d
020 _a 81-828-1087-6
_cRs.225.00
040 _aSEACOMMC
082 _a428.1
_bS 671
100 _aSinha, A.K.
245 1 _aBusiness Communication Skills /
_c A.K. Sinha
260 _a Delhi
_b Vrinda Publications
_cc 2009
650 _a Business Communication
942 _cBOOK
999 _c1168
_d1168